| 000 | 00395nam a22001697a 4500 | ||
|---|---|---|---|
| 005 | 20160629124550.0 | ||
| 008 | 160629b xxu||||| |||| 00| 0 eng d | ||
| 020 | _a81-203-1863-2 | ||
| 041 | _aeng | ||
| 082 | _b10832 | ||
| 100 |
_aKinkoph, Sherry _93179 |
||
| 245 | _aGuide for M.S. Office for Windows 95 | ||
| 260 |
_bPHI _c1996 |
||
| 300 | _a366 | ||
| 650 |
_aManagement _9241 |
||
| 942 | _cBK | ||
| 999 |
_c4669 _d4667 |
||